[Event "alberic"]
[Site "C/Calderon de la Barca"]
[Date "2017.07.01"]
[Round "4.1"]
[White "Plaskett, H James"]
[Black "Kovacevic, Slobodan"]
[Result "1-0"]
[WhiteElo "2463"]
[BlackElo "2304"]
[PlyCount "73"]
[EventDate "2017.??.??"]

1. e4 {[%clk 0:06:58]} 1... c5 {[%clk 0:07:05]} 2. Nc3 {[%clk 0:06:59]} 2... e6
{[%clk 0:07:08]} 3. Nf3 {[%clk 0:07:00]} 3... a6 {[%clk 0:07:10]} 4. g3 {
[%clk 0:07:02]} 4... d6 {[%clk 0:07:10]} 5. Bg2 {[%clk 0:06:56]} 5... Nc6 {
[%clk 0:07:12]} 6. O-O {[%clk 0:06:56]} 6... Nf6 {[%clk 0:07:14]} 7. d4 {
[%clk 0:06:58]} 7... cxd4 {[%clk 0:07:16]} 8. Nxd4 {[%clk 0:07:00]} 8... Bd7 {
[%clk 0:07:18]} 9. Re1 {[%clk 0:07:01]} 9... Be7 {[%clk 0:07:20]} 10. a4 {
[%clk 0:06:56]} 10... O-O {[%clk 0:07:19]} 11. Nb3 {[%clk 0:06:57]} 11... b6 {
[%clk 0:07:18]} 12. g4 {[%clk 0:06:47]} 12... h6 {[%clk 0:07:17]} 13. f4 {
[%clk 0:06:35]} 13... Qc7 {[%clk 0:07:15]} 14. Be3 {[%clk 0:06:23]} 14... Rab8
{[%clk 0:07:10]} 15. Qe2 {[%clk 0:06:20]} 15... Nb4 {[%clk 0:07:05]} 16. g5 {
[%clk 0:06:11]} 16... hxg5 {[%clk 0:07:07]} 17. fxg5 {[%clk 0:06:13]} 17... Nh7
{[%clk 0:07:08]} 18. h4 {[%clk 0:05:56]} 18... g6 {[%clk 0:07:10]} 19. Rad1 {
[%clk 0:05:54]} 19... Rfc8 {[%clk 0:07:04]} 20. Rf1 {[%clk 0:05:47]} 20... Be8
{[%clk 0:07:04]} 21. Nd4 {[%clk 0:05:15]} 21... Nf8 {[%clk 0:06:52]} 22. Rf2 {
[%clk 0:05:04]} 22... Nd7 {[%clk 0:06:52]} 23. h5 {[%clk 0:05:00]} 23... Ne5 {
[%clk 0:06:50]} 24. hxg6 {[%clk 0:04:51]} 24... Nxg6 {[%clk 0:06:51]} 25. Qh5 {
[%clk 0:04:43]} 25... Bf8 {[%clk 0:06:46]} 26. Rdf1 {[%clk 0:04:10]} 26... Bg7
{[%clk 0:06:48]} 27. Bh3 {[%clk 0:04:04]} 27... Qe7 {[%clk 0:06:49]} 28. Rf6 {
[%clk 0:03:59]} 28... Nf8 {[%clk 0:05:51]} 29. R1f2 {[%clk 0:02:55]} 29... Nc6
{[%clk 0:05:51]} 30. Nd5 {[%clk 0:02:01]} 30... exd5 {[%clk 0:03:06]} 31. Nf5 {
[%clk 0:02:03]} 31... Qxe4 {[%clk 0:03:05]} 32. Nxg7 {[%clk 0:01:48]} 32...
Qxe3 {[%clk 0:01:53]} 33. Nf5 {[%clk 0:01:48]} 33... Qe1+ {[%clk 0:01:32]} 34.
Rf1 {[%clk 0:01:35]} 34... Qe5 {[%clk 0:01:25]} 35. Nh6+ {[%clk 0:01:30]} 35...
Kg7 {[%clk 0:01:06]} 36. Rxf7+ {[%clk 0:01:27]} 36... Bxf7 {[%clk 0:00:55]} 37.
Qxf7+ {[%clk 0:01:26]  Qe7  Qxe7+} 1-0

[Event "alberic"]
[Site "C/Calderon de la Barca"]
[Date "2017.07.01"]
[Round "4.2"]
[White "Cantero Ramon, Eloy"]
[Black "Garcia, Jhoel"]
[Result "0-1"]
[WhiteElo "2136"]
[BlackElo "2331"]
[PlyCount "128"]
[EventDate "2017.??.??"]

1. d4 {[%clk 0:07:03]} 1... Nf6 {[%clk 0:07:01]} 2. Nf3 {[%clk 0:07:05]} 2...
g6 {[%clk 0:06:59]} 3. c4 {[%clk 0:07:04]} 3... Bg7 {[%clk 0:07:00]} 4. Nc3 {
[%clk 0:07:07]} 4... O-O {[%clk 0:06:55]} 5. e4 {[%clk 0:07:08]} 5... c6 {
[%clk 0:06:57]} 6. Be2 {[%clk 0:07:06]} 6... d5 {[%clk 0:06:55]} 7. e5 {
[%clk 0:06:39]} 7... Ne8 {[%clk 0:06:27]} 8. O-O {[%clk 0:06:24]} 8... Nc7 {
[%clk 0:06:27]} 9. c5 {[%clk 0:06:14]} 9... Nd7 {[%clk 0:05:20]} 10. Bf4 {
[%clk 0:05:32]} 10... Ne6 {[%clk 0:04:45]} 11. Qd2 {[%clk 0:04:45]} 11... Nxf4
{[%clk 0:04:14]} 12. Qxf4 {[%clk 0:04:47]} 12... a5 {[%clk 0:04:16]} 13. Qh4 {
[%clk 0:04:24]} 13... f6 {[%clk 0:03:54]} 14. e6 {[%clk 0:03:49]} 14... Nb8 {
[%clk 0:02:44]} 15. Qh3 {[%clk 0:03:47]} 15... b5 {[%clk 0:02:35]} 16. Bd3 {
[%clk 0:03:26]} 16... Na6 {[%clk 0:01:52]} 17. Ne2 {[%clk 0:03:13]} 17... Nc7 {
[%clk 0:00:41]} 18. Nf4 {[%clk 0:03:14]} 18... f5 {[%clk 0:00:23]} 19. Ng5 {
[%clk 0:02:53]} 19... h6 {[%clk 0:00:25]} 20. Nf7 {[%clk 0:02:37]} 20... Rxf7 {
[%clk 0:00:25]} 21. exf7+ {[%clk 0:02:38]} 21... Kxf7 {[%clk 0:00:27]} 22. g4 {
[%clk 0:01:53]} 22... e6 {[%clk 0:00:25]} 23. Ne2 {[%clk 0:01:38]} 23... Qg5 {
[%clk 0:00:25]} 24. f4 {[%clk 0:01:12]} 24... Qxg4+ {[%clk 0:00:26]} 25. Qxg4 {
[%clk 0:01:14]} 25... fxg4 {[%clk 0:00:28]} 26. Kg2 {[%clk 0:01:10]} 26... Bd7
{[%clk 0:00:28]} 27. Kf2 {[%clk 0:01:00]} 27... Ne8 {[%clk 0:00:28]} 28. Ke3 {
[%clk 0:00:57]} 28... Nf6 {[%clk 0:00:26]} 29. Rg1 {[%clk 0:00:53]} 29... h5 {
[%clk 0:00:26]} 30. h3 {[%clk 0:00:49]} 30... Bh6 {[%clk 0:00:27]} 31. Kd2 {
[%clk 0:00:46]} 31... Rg8 {[%clk 0:00:27]} 32. Kc3 {[%clk 0:00:44]} 32... gxh3
{[%clk 0:00:29]} 33. Rg3 {[%clk 0:00:42]} 33... h2 {[%clk 0:00:30]} 34. Rh1 {
[%clk 0:00:42]} 34... Ng4 {[%clk 0:00:33]} 35. Rg2 {[%clk 0:00:32]} 35... b4+ {
[%clk 0:00:34]} 36. Kb3 {[%clk 0:00:31]} 36... g5 {[%clk 0:00:31]} 37. Rxg4 {
[%clk 0:00:32]} 37... hxg4 {[%clk 0:00:33]} 38. Rxh2 {[%clk 0:00:34]} 38... Kg7
{[%clk 0:00:27]} 39. fxg5 {[%clk 0:00:31]} 39... Bxg5 {[%clk 0:00:28]} 40. Rh5
{[%clk 0:00:32]} 40... Kf6 {[%clk 0:00:29]} 41. Rh7 {[%clk 0:00:31]} 41... Be8
{[%clk 0:00:27]} 42. Ng3 {[%clk 0:00:31]} 42... Bf4 {[%clk 0:00:29]} 43. Nh5+ {
[%clk 0:00:32]} 43... Bxh5 {[%clk 0:00:31]} 44. Rxh5 {[%clk 0:00:34]} 44... g3
{[%clk 0:00:32]} 45. Rh4 {[%clk 0:00:28]} 45... Be3 {[%clk 0:00:31]} 46. Bf1 {
[%clk 0:00:19]} 46... g2 {[%clk 0:00:32]} 47. Bxg2 {[%clk 0:00:20]} 47... Rxg2
{[%clk 0:00:35]} 48. a3 {[%clk 0:00:18]} 48... Bc1 {[%clk 0:00:33]} 49. axb4 {
[%clk 0:00:17]} 49... Rxb2+ {[%clk 0:00:34]} 50. Ka4 {[%clk 0:00:19]} 50...
axb4 {[%clk 0:00:35]} 51. Ka5 {[%clk 0:00:20]} 51... b3 {[%clk 0:00:36]} 52.
Kb6 {[%clk 0:00:22]} 52... Bg5 {[%clk 0:00:37]} 53. Rh8 {[%clk 0:00:22]} 53...
Rd2 {[%clk 0:00:36]} 54. Kxc6 {[%clk 0:00:23]} 54... Rxd4 {[%clk 0:00:37]} 55.
Rb8 {[%clk 0:00:24]} 55... Rd3 {[%clk 0:00:38]} 56. Kd7 {[%clk 0:00:24]} 56...
Rc3 {[%clk 0:00:38]} 57. c6 {[%clk 0:00:26]} 57... Bf4 {[%clk 0:00:40]} 58.
Rf8+ {[%clk 0:00:27]} 58... Kg5 {[%clk 0:00:42]} 59. Kxe6 {[%clk 0:00:21]}
59... Rxc6+ {[%clk 0:00:42]} 60. Kxd5 Rb6 61. Ke4 {[%clk 0:00:23]} 61... Rb4+ {
[%clk 0:00:46]} 62. Kd3 {[%clk 0:00:21]} 62... b2 {[%clk 0:00:48]} 63. Rg8+ {
[%clk 0:00:22]} 63... Kf6 {[%clk 0:00:49]} 64. Rg1 {[%clk 0:00:23]} 64... b1=Q+
0-1

[Event "alberic"]
[Site "C/Calderon de la Barca"]
[Date "2017.07.01"]
[Round "4.3"]
[White "Fenollar Jorda, Manuel"]
[Black "Cruz Lledo, Pablo"]
[Result "1-0"]
[WhiteElo "2335"]
[BlackElo "2445"]
[PlyCount "85"]
[EventDate "2017.??.??"]

1. d4 {[%clk 0:07:04]} 1... d5 {[%clk 0:07:05]} 2. Nf3 {[%clk 0:07:06]} 2...
Nf6 {[%clk 0:07:02]} 3. e3 {[%clk 0:07:08]} 3... g6 {[%clk 0:06:54]} 4. c4 {
[%clk 0:07:08]} 4... dxc4 {[%clk 0:06:48]} 5. Bxc4 {[%clk 0:07:09]} 5... Bg7 {
[%clk 0:06:50]} 6. O-O {[%clk 0:07:00]} 6... O-O {[%clk 0:06:50]} 7. Nc3 {
[%clk 0:07:01]} 7... Nfd7 {[%clk 0:06:51]} 8. Qe2 {[%clk 0:06:24]} 8... Nb6 {
[%clk 0:06:53]} 9. Bb3 {[%clk 0:06:24]} 9... Nc6 {[%clk 0:06:50]} 10. Rd1 {
[%clk 0:06:12]} 10... Bg4 {[%clk 0:06:41]} 11. h3 {[%clk 0:06:09]} 11... Bxf3 {
[%clk 0:06:31]} 12. Qxf3 {[%clk 0:06:10]} 12... a5 {[%clk 0:06:16]} 13. a4 {
[%clk 0:05:57]} 13... Rb8 {[%clk 0:05:54]} 14. Ne4 {[%clk 0:05:30]} 14... e5 {
[%clk 0:05:39]} 15. d5 {[%clk 0:04:41]} 15... Nb4 {[%clk 0:05:20]} 16. Nc3 {
[%clk 0:04:13]} 16... Nc8 {[%clk 0:05:15]} 17. e4 {[%clk 0:03:47]} 17... Nd6 {
[%clk 0:05:18]} 18. Nb5 {[%clk 0:03:11]} 18... f5 {[%clk 0:05:16]} 19. Nxd6 {
[%clk 0:02:51]} 19... cxd6 {[%clk 0:05:07]} 20. Bd2 {[%clk 0:02:44]} 20... Qb6
{[%clk 0:04:59]} 21. Be3 {[%clk 0:02:43]} 21... Qa6 {[%clk 0:04:38]} 22. Rac1 {
[%clk 0:02:34]} 22... fxe4 {[%clk 0:03:58]} 23. Qxe4 {[%clk 0:02:34]} 23... Qe2
{[%clk 0:03:17]} 24. Rd2 {[%clk 0:01:10]} 24... Qh5 {[%clk 0:03:19]} 25. Bd1 {
[%clk 0:00:55]} 25... Qf5 {[%clk 0:03:21]} 26. Qxf5 {[%clk 0:00:56]} 26... gxf5
{[%clk 0:03:19]} 27. Bb6 {[%clk 0:00:58]} 27... e4 {[%clk 0:03:17]} 28. Bxa5 {
[%clk 0:00:55]} 28... Nd3 {[%clk 0:03:18]} 29. Rc7 {[%clk 0:00:53]} 29... Nc5 {
[%clk 0:00:49]} 30. Bb6 {[%clk 0:00:32]} 30... Rf7 {[%clk 0:00:28]} 31. Rxf7 {
[%clk 0:00:29]} 31... Kxf7 {[%clk 0:00:30]} 32. b4 {[%clk 0:00:21]} 32... Nd3 {
[%clk 0:00:24]} 33. b5 {[%clk 0:00:16]} 33... Rc8 {[%clk 0:00:21]} 34. Rc2 {
[%clk 0:00:18]} 34... Rxc2 {[%clk 0:00:13]} 35. Bxc2 {[%clk 0:00:21]} 35... Nf4
{[%clk 0:00:15]} 36. Kf1 {[%clk 0:00:20]} 36... Ke7 {[%clk 0:00:10]} 37. Bb3 {
[%clk 0:00:22]} 37... Nd3 {[%clk 0:00:09]} 38. Bc4 {[%clk 0:00:20]} 38... Nc5 {
[%clk 0:00:08]} 39. a5 {[%clk 0:00:20]} 39... Nd7 {[%clk 0:00:08]} 40. Be3 {
[%clk 0:00:18]} 40... Bc3 {[%clk 0:00:04]} 41. a6 {[%clk 0:00:20]} 41... bxa6 {
[%clk 0:00:05]} 42. bxa6 {[%clk 0:00:22]} 42... f4 {[%clk 0:00:06]} 43. a7 {
[%clk 0:00:23]} 1-0

[Event "alberic"]
[Site "C/Calderon de la Barca"]
[Date "2017.07.01"]
[Round "4.4"]
[White "Martinez Escandell, Alfonso"]
[Black "Martinez Peiro, Gabriel"]
[Result "1-0"]
[WhiteElo "1942"]
[BlackElo "1981"]
[PlyCount "113"]
[EventDate "2017.??.??"]

1. e4 {[%clk 0:07:04]} 1... c5 {[%clk 0:07:06]} 2. Nf3 {[%clk 0:07:05]} 2... d6
{[%clk 0:07:07]} 3. d4 {[%clk 0:07:07]} 3... cxd4 {[%clk 0:07:09]} 4. Nxd4 {
[%clk 0:07:09]} 4... Nf6 {[%clk 0:07:10]} 5. Nc3 {[%clk 0:07:11]} 5... a6 {
[%clk 0:07:12]} 6. a4 {[%clk 0:07:13]} 6... g6 {[%clk 0:06:55]} 7. Be2 {
[%clk 0:07:11]} 7... Bg7 {[%clk 0:06:57]} 8. Be3 {[%clk 0:07:12]} 8... O-O {
[%clk 0:06:55]} 9. Qd2 {[%clk 0:07:13]} 9... Ng4 {[%clk 0:06:44]} 10. Bxg4 {
[%clk 0:07:10]} 10... Bxg4 {[%clk 0:06:44]} 11. f3 {[%clk 0:07:11]} 11... Bd7 {
[%clk 0:06:36]} 12. Bh6 {[%clk 0:06:54]} 12... Qb6 {[%clk 0:05:50]} 13. Bxg7 {
[%clk 0:06:48]} 13... Kxg7 {[%clk 0:05:36]} 14. O-O-O {[%clk 0:06:37]} 14...
Qa5 {[%clk 0:04:30]} 15. Nb3 {[%clk 0:06:35]} 15... Qb4 {[%clk 0:04:26]} 16.
Nd5 {[%clk 0:05:20]} 16... Qxd2+ {[%clk 0:04:10]} 17. Rxd2 {[%clk 0:05:21]}
17... Nc6 {[%clk 0:03:35]} 18. Nd4 {[%clk 0:04:41]} 18... Nxd4 {[%clk 0:02:04]}
19. Rxd4 {[%clk 0:04:42]} 19... e5 {[%clk 0:01:46]} 20. Rd2 {[%clk 0:04:21]}
20... Bxa4 {[%clk 0:01:43]} 21. Nb6 {[%clk 0:04:22]} 21... Bc6 22. Nxa8 {
[%clk 0:04:22]} 22... Rxa8 {[%clk 0:01:22]} 23. Rxd6 {[%clk 0:04:23]} 23... a5
{[%clk 0:00:52]} 24. Rhd1 {[%clk 0:04:19]} 24... a4 {[%clk 0:00:50]} 25. R1d3 {
[%clk 0:04:19]} 25... h5 {[%clk 0:00:17]} 26. Rc3 {[%clk 0:03:42]} 26... Ra5 {
[%clk 0:00:17]} 27. Kb1 {[%clk 0:03:00]} 27... Rb5 {[%clk 0:00:16]} 28. Ka2 {
[%clk 0:02:59]} 28... Ra5 {[%clk 0:00:11]} 29. Ka3 {[%clk 0:03:00]} 29... Rb5 {
[%clk 0:00:12]} 30. b3 {[%clk 0:02:50]} 30... axb3 {[%clk 0:00:11]} 31. cxb3 {
[%clk 0:02:50]} 31... Ra5+ {[%clk 0:00:13]} 32. Kb2 {[%clk 0:02:52]} 32... Rb5
{[%clk 0:00:12]} 33. Rd2 {[%clk 0:02:31]} 33... Kf8 {[%clk 0:00:10]} 34. Rdc2 {
[%clk 0:02:33]} 34... Ke7 {[%clk 0:00:09]} 35. Rc5 {[%clk 0:02:35]} 35... Rxc5
{[%clk 0:00:10]} 36. Rxc5 {[%clk 0:02:37]} 36... Kd6 {[%clk 0:00:11]} 37. b4 {
[%clk 0:02:38]} 37... b6 {[%clk 0:00:13]} 38. Rc3 {[%clk 0:02:36]} 38... b5 {
[%clk 0:00:13]} 39. Rc5 {[%clk 0:02:38]} 39... f6 {[%clk 0:00:11]} 40. Kc3 {
[%clk 0:02:37]} 40... Kd7 {[%clk 0:00:11]} 41. Kd2 {[%clk 0:02:39]} 41... Kd6 {
[%clk 0:00:13]} 42. Ke3 {[%clk 0:02:41]} 42... Bd7 {[%clk 0:00:11]} 43. g3 {
[%clk 0:02:42]} 43... Bc6 {[%clk 0:00:12]} 44. f4 {[%clk 0:02:44]} 44... exf4+
{[%clk 0:00:11]} 45. gxf4 {[%clk 0:02:46]} 45... Bd7 {[%clk 0:00:13]} 46. e5+ {
[%clk 0:02:36]} 46... fxe5 {[%clk 0:00:14]} 47. Rxe5 {[%clk 0:02:37]} 47... Bf5
{[%clk 0:00:13]} 48. Kd4 {[%clk 0:02:37]} 48... Bd7 {[%clk 0:00:13]} 49. Rg5 {
[%clk 0:02:34]} 49... Bf5 {[%clk 0:00:14]} 50. Rg3 {[%clk 0:02:36]} 50... Kc6 {
[%clk 0:00:13]} 51. Ke5 {[%clk 0:02:37]} 51... Kd7 {[%clk 0:00:11]} 52. Rc3 {
[%clk 0:02:36]} 52... Ke7 {[%clk 0:00:10]} 53. Rc7+ {[%clk 0:02:37]} 53... Bd7
{[%clk 0:00:11]} 54. h4 {[%clk 0:02:32]} 54... Kd8 {[%clk 0:00:12]} 55. Kd6 {
[%clk 0:02:33]} 55... Be8 {[%clk 0:00:09]} 56. Rg7 {[%clk 0:02:30]} 56... Kc8 {
[%clk 0:00:07]} 57. Rg8 {[%clk 0:02:30]} 1-0

[Event "alberic"]
[Site "C/Calderon de la Barca"]
[Date "2017.07.01"]
[Round "4.5"]
[White "Bru Company, Francesc E"]
[Black "Cano Gimenez, Vicente"]
[Result "0-1"]
[WhiteElo "1925"]
[BlackElo "2285"]
[PlyCount "67"]
[EventDate "2017.??.??"]

1. d4 {[%clk 0:07:03]} 1... Nf6 {[%clk 0:07:05]} 2. Nf3 {[%clk 0:07:05]} 2...
c5 {[%clk 0:07:07]} 3. c3 {[%clk 0:06:59]} 3... b6 {[%clk 0:07:07]} 4. Bf4 {
[%clk 0:06:52]} 4... g6 {[%clk 0:07:02]} 5. e3 {[%clk 0:06:54]} 5... Bg7 {
[%clk 0:07:04]} 6. Bd3 {[%clk 0:06:48]} 6... Bb7 {[%clk 0:07:05]} 7. Nbd2 {
[%clk 0:06:49]} 7... O-O {[%clk 0:07:05]} 8. O-O {[%clk 0:06:46]} 8... d6 {
[%clk 0:07:07]} 9. e4 {[%clk 0:06:15]} 9... cxd4 {[%clk 0:06:54]} 10. cxd4 {
[%clk 0:06:16]} 10... Nc6 {[%clk 0:06:56]} 11. Rc1 {[%clk 0:05:48]} 11... Nb4 {
[%clk 0:06:51]} 12. Bb1 {[%clk 0:05:48]} 12... Ba6 {[%clk 0:06:37]} 13. Re1 {
[%clk 0:05:46]} 13... Nd3 {[%clk 0:06:38]} 14. Bxd3 {[%clk 0:05:43]} 14... Bxd3
{[%clk 0:06:39]} 15. Qb3 {[%clk 0:05:28]} 15... Ba6 {[%clk 0:06:39]} 16. h3 {
[%clk 0:05:00]} 16... Qd7 {[%clk 0:06:22]} 17. Rc3 {[%clk 0:03:49]} 17... Rfc8
{[%clk 0:06:24]} 18. Rec1 {[%clk 0:03:51]} 18... Rxc3 {[%clk 0:06:25]} 19. Rxc3
{[%clk 0:03:51]} 19... Rc8 {[%clk 0:06:26]} 20. Ng5 {[%clk 0:02:41]} 20... d5 {
[%clk 0:05:38]} 21. e5 {[%clk 0:02:24]} 21... Rxc3 {[%clk 0:05:19]} 22. bxc3 {
[%clk 0:02:25]} 22... Ne8 {[%clk 0:05:18]} 23. Be3 {[%clk 0:02:00]} 23... f6 {
[%clk 0:04:22]} 24. Ngf3 {[%clk 0:01:44]} 24... Qb5 {[%clk 0:04:18]} 25. Qxb5 {
[%clk 0:00:36]} 25... Bxb5 {[%clk 0:04:20]} 26. Bf4 {[%clk 0:00:24]} 26... Kf7
{[%clk 0:04:04]} 27. g4 {[%clk 0:00:08]} 27... Ke6 {[%clk 0:04:05]} 28. Kg2 {
[%clk 0:00:10]} 28... Kd7 {[%clk 0:03:52]} 29. exf6 {[%clk 0:00:06]} 29... exf6
{[%clk 0:03:54]} 30. Ne1 {[%clk 0:00:06]} 30... Nd6 {[%clk 0:03:34]} 31. Nc2 {
[%clk 0:00:05]} 31... Nc4 {[%clk 0:03:29]} 32. Nxc4 {[%clk 0:00:06]} 32... Bxc4
{[%clk 0:03:31]} 33. a3 Bf8 34. Bc1 0-1

[Event "alberic"]
[Site "C/Calderon de la Barca"]
[Date "2017.07.01"]
[Round "4.6"]
[White "Martinez Gil, Joaquin"]
[Black "Carbonell Bofill, Carlos Eloy"]
[Result "0-1"]
[WhiteElo "1925"]
[BlackElo "2125"]
[PlyCount "34"]
[EventDate "2017.??.??"]

1. e4 {[%clk 0:07:05]} 1... e6 {[%clk 0:07:04]} 2. d4 {[%clk 0:07:03]} 2... d5
{[%clk 0:07:06]} 3. e5 {[%clk 0:07:04]} 3... c5 {[%clk 0:07:09]} 4. c3 {
[%clk 0:07:06]} 4... Bd7 {[%clk 0:07:11]} 5. Nf3 {[%clk 0:07:06]} 5... Nc6 {
[%clk 0:07:13]} 6. a3 {[%clk 0:07:06]} 6... a5 {[%clk 0:07:14]} 7. Be2 {
[%clk 0:06:59]} 7... b5 {[%clk 0:07:16]} 8. O-O {[%clk 0:06:58]} 8... b4 {
[%clk 0:07:18]} 9. axb4 {[%clk 0:06:56]} 9... axb4 {[%clk 0:07:20]} 10. Rxa8 {
[%clk 0:06:56]} 10... Qxa8 {[%clk 0:07:22]} 11. c4 {[%clk 0:05:39]} 11... Nxd4
{[%clk 0:07:05]} 12. Nxd4 {[%clk 0:05:36]} 12... cxd4 {[%clk 0:07:06]} 13. Qxd4
{[%clk 0:05:20]} 13... Ne7 {[%clk 0:07:08]} 14. cxd5 {[%clk 0:04:34]} 14...
Qxd5 {[%clk 0:07:02]} 15. Qxb4 {[%clk 0:03:03]} 15... Qxe5 {[%clk 0:07:04]} 16.
Bf3 {[%clk 0:02:18]} 16... Nd5 {[%clk 0:06:58]} 17. Bxd5 {[%clk 0:02:11]} 17...
Bxb4 {[%clk 0:06:58]} 0-1

[Event "alberic"]
[Site "C/Calderon de la Barca"]
[Date "2017.07.01"]
[Round "5.1"]
[White "Garcia, Jhoel"]
[Black "Plaskett, H James"]
[Result "0-1"]
[WhiteElo "2331"]
[BlackElo "2463"]
[PlyCount "120"]
[EventDate "2017.??.??"]

1. Nf3 {[%clk 0:07:01]} 1... Nf6 {[%clk 0:07:04]} 2. d4 {[%clk 0:06:59]} 2...
b6 {[%clk 0:07:02]} 3. c4 {[%clk 0:06:49]} 3... e6 {[%clk 0:07:03]} 4. Nc3 {
[%clk 0:06:50]} 4... Bb4 {[%clk 0:07:04]} 5. Qc2 {[%clk 0:06:52]} 5... Bb7 {
[%clk 0:07:05]} 6. a3 {[%clk 0:06:53]} 6... Bxc3+ {[%clk 0:06:58]} 7. Qxc3 {
[%clk 0:06:54]} 7... O-O {[%clk 0:06:59]} 8. e3 {[%clk 0:06:44]} 8... d6 {
[%clk 0:06:57]} 9. Be2 {[%clk 0:06:24]} 9... Nbd7 {[%clk 0:06:59]} 10. O-O {
[%clk 0:06:08]} 10... Ne4 {[%clk 0:06:58]} 11. Qc2 {[%clk 0:06:09]} 11... f5 {
[%clk 0:07:00]} 12. b4 {[%clk 0:06:05]} 12... Qe7 {[%clk 0:06:40]} 13. Bb2 {
[%clk 0:05:52]} 13... Rae8 {[%clk 0:06:38]} 14. d5 {[%clk 0:05:00]} 14... e5 {
[%clk 0:05:10]} 15. Nd2 {[%clk 0:04:59]} 15... Nxd2 {[%clk 0:04:57]} 16. Qxd2 {
[%clk 0:05:01]} 16... f4 {[%clk 0:05:00]} 17. e4 {[%clk 0:04:50]} 17... Qh4 {
[%clk 0:04:27]} 18. Bf3 {[%clk 0:03:17]} 18... Rf6 {[%clk 0:03:58]} 19. g3 {
[%clk 0:02:58]} 19... Rg6 {[%clk 0:03:47]} 20. a4 {[%clk 0:02:45]} 20... Nf6 {
[%clk 0:03:32]} 21. Ra3 {[%clk 0:02:46]} 21... Bc8 {[%clk 0:02:38]} 22. Bg2 {
[%clk 0:02:20]} 22... Qh5 {[%clk 0:02:33]} 23. gxf4 {[%clk 0:01:28]} 23... Bh3
{[%clk 0:02:15]} 24. Rg3 {[%clk 0:00:40]} 24... Bxg2 {[%clk 0:02:16]} 25. Rxg2
{[%clk 0:00:09]} 25... Rxg2+ {[%clk 0:02:15]} 26. Kxg2 {[%clk 0:00:10]} 26...
Qg4+ {[%clk 0:02:14]} 27. Kh1 {[%clk 0:00:13]} 27... Qf3+ {[%clk 0:02:12]} 28.
Kg1 {[%clk 0:00:15]} 28... Nxe4 {[%clk 0:01:28]} 29. Qe3 {[%clk 0:00:16]} 29...
Qxf4 {[%clk 0:01:22]} 30. Qxf4 {[%clk 0:00:17]} 30... exf4 {[%clk 0:01:24]} 31.
Bd4 {[%clk 0:00:16]} 31... Nd2 {[%clk 0:01:23]} 32. Rd1 {[%clk 0:00:18]} 32...
Nxc4 {[%clk 0:01:02]} 33. Rc1 {[%clk 0:00:20]} 33... Nd2 {[%clk 0:01:04]} 34.
Kg2 {[%clk 0:00:21]} 34... Nb3 {[%clk 0:01:04]} 35. Rd1 {[%clk 0:00:22]} 35...
Nxd4 {[%clk 0:01:06]} 36. Rxd4 {[%clk 0:00:24]} 36... a6 {[%clk 0:00:31]} 37.
Rxf4 {[%clk 0:00:25]} 37... Re7 {[%clk 0:00:25]} 38. a5 {[%clk 0:00:25]} 38...
bxa5 {[%clk 0:00:21]} 39. bxa5 {[%clk 0:00:28]} 39... Re5 {[%clk 0:00:24]} 40.
Rd4 {[%clk 0:00:30]} 40... Kf7 {[%clk 0:00:22]} 41. Kf3 {[%clk 0:00:30]} 41...
Ke7 {[%clk 0:00:22]} 42. Rc4 {[%clk 0:00:31]} 42... Kd7 43. Rc6 Rxd5 {
[%clk 0:00:24]} 44. Rxa6 {[%clk 0:00:35]} 44... Rd4 {[%clk 0:00:26]} 45. Ra8 {
[%clk 0:00:37]} 45... Ra4 {[%clk 0:00:28]} 46. Ke3 {[%clk 0:00:39]} 46... Kc6 {
[%clk 0:00:20]} 47. h3 {[%clk 0:00:38]} 47... Kd5 {[%clk 0:00:17]} 48. Rg8 {
[%clk 0:00:37]} 48... Rxa5 {[%clk 0:00:17]} 49. Rxg7 {[%clk 0:00:40]} 49...
Ra3+ {[%clk 0:00:18]} 50. Ke2 {[%clk 0:00:38]} 50... c5 {[%clk 0:00:19]} 51.
Rxh7 {[%clk 0:00:40]} 51... c4 {[%clk 0:00:21]} 52. Rc7 {[%clk 0:00:38]} 52...
Kd4 {[%clk 0:00:23]} 53. h4 {[%clk 0:00:41]} 53... Rh3 {[%clk 0:00:21]} 54. Rh7
{[%clk 0:00:30]} 54... d5 {[%clk 0:00:24]} 55. Kf1 {[%clk 0:00:27]} 55... c3 {
[%clk 0:00:23]} 56. Ke2 {[%clk 0:00:11]} 56... Rh1 {[%clk 0:00:24]} 57. Rc7 {
[%clk 0:00:12]} 57... Rxh4 {[%clk 0:00:26]} 58. Kf3 {[%clk 0:00:11]} 58... Re4
{[%clk 0:00:26]} 59. Kg3 {[%clk 0:00:08]} 59... Kd3 {[%clk 0:00:28]} 60. f3 {
[%clk 0:00:10]} 60... Rc4 {[%clk 0:00:29]} 0-1